[Event "Heusenstamm Schloss op"]
[Site "Heusenstamm"]
[Date "2023.11.24"]
[Round "3"]
[White "Korneev, Oleg"]
[Black "Prill, Daniel"]
[Result "1-0"]
[WhiteElo "2470"]
[BlackElo "2182"]
[PlyCount "127"]
[EventDate "2023.11.23"]
[EventType "swiss"]
[EventRounds "7"]
[EventCountry "GER"]
[SourceTitle "CB48_2023"]
[SourceDate "2023.11.29"]
[SourceVersion "1"]
[SourceVersionDate "2023.11.29"]
[SourceQuality "1"]

1. e4 c6 2. d4 d5 3. Nc3 dxe4 4. Nxe4 Nd7 5. Ng5 Ngf6 6. Bd3 e6 7. N1f3 Bd6 8. Qe2 h6 9. Ne4 Nxe4 10. Qxe4 Nf6 11. Qe2 b6 12. Bd2 Bb7 13. 0-0-0 Qc7 14. Kb1 0-0-0 15. c4 Rhe8 16. Bc3 Kb8 17. Rhe1 Ka8 18. g3 Nd7 19. Bc2 Nf6 20. Bd3 Nd7 21. h4 Nf6 22. Ne5 Bxe5 23. dxe5 Nd7 24. Qg4 g6 25. Qf4 Nc5 26. Bc2 h5 27. Bb4 Ba6 28. Bxc5 bxc5 29. Rd6 Rxd6 30. exd6 Qb7 31. Bb3 Rd8 32. Rd1 Rd7 33. Qe5 Qb6 34. f3 Qa5 35. g4 Qd8 36. Qxc5 Kb7 37. Ba4 Qb6 38. Qd4 Qxd4 39. Rxd4 e5 40. Re4 Rxd6 41. gxh5 gxh5 42. f4 f5 43. fxe5 Re6 44. Rf4 Rxe5 45. Bd1 Kb6 46. Bxh5 Kc5 47. b3 Kd6 48. Kc2 Ke6 49. Rf2 Kf6 50. Bf3 Bb7 51. Kd3 Re7 52. Kd4 Re5 53. b4 a5 54. b5 c5+ 55. Kd3 Bxf3 56. Rxf3 Re4 57. Rh3 Rd4+ 58. Kc3 Kg6 59. h5+ Kh6 60. Rd3 Rh4 61. b6 Re4 62. Rd5 Re6 63. Rxf5 Rxb6 64. Rxc5 1-0

[Event "Verbandsliga Suedbaden 2223"]
[Site "Germany"]
[Date "2022.11.20"]
[Round "3.2"]
[White "Schuh, Hubert"]
[Black "Prill, Daniel"]
[Result "1/2-1/2"]
[WhiteElo "2293"]
[BlackElo "2182"]
[PlyCount "41"]
[EventDate "2022.09.25"]
[EventType "team-tourn"]
[EventRounds "9"]
[EventCountry "GER"]
[SourceTitle "EXT 2024"]
[Source "ChessBase"]
[SourceDate "2023.10.10"]
[SourceVersion "1"]
[SourceVersionDate "2023.10.10"]
[SourceQuality "1"]
[WhiteTeam "Kuppenheim"]
[BlackTeam "Heitersheim"]
[WhiteTeamCountry "GER"]
[BlackTeamCountry "GER"]

1. c4 c6 2. Nf3 Nf6 3. b3 g6 4. Bb2 Bg7 5. g3 0-0 6. Bg2 d6 7. 0-0 Bg4 8. d3 Qc8 9. a3 Bh3 10. Nbd2 Bxg2 11. Kxg2 Nbd7 12. b4 Re8 13. Qb3 Nf8 14. Rfe1 Qg4 15. h3 Qd7 16. Rad1 Ne6 17. e3 Rad8 18. Qc2 Qc7 19. Qb3 Qc8 20. Qc2 Qc7 21. Qb3 1/2-1/2

[Event "GER-ch Net Amateur Gr-A Final"]
[Site "Playchess.com INT"]
[Date "2020.04.18"]
[Round "11"]
[White "Gallasch, Jonas"]
[Black "Prill, Daniel"]
[Result "1-0"]
[WhiteElo "1994"]
[BlackElo "2030"]
[PlyCount "66"]
[EventDate "2020.04.18"]
[EventType "swiss (blitz)"]
[EventRounds "13"]
[EventCountry "GER"]
[SourceTitle "CBM 195 Extra"]
[Source "ChessBase"]
[SourceDate "2020.05.31"]
[SourceVersion "1"]
[SourceVersionDate "2020.05.31"]
[SourceQuality "1"]

1. d4 c6 2. c4 d5 3. cxd5 cxd5 4. Nc3 Nf6 5. Bf4 a6 6. Nf3 Nc6 7. Rc1 e6 8. e3 Bd6 9. Bg3 0-0 10. Bd3 Rb8 11. Ne5 Bxe5 12. dxe5 Nd7 13. f4 g6 14. 0-0 Ne7 15. Ne2 b5 16. Nd4 Bb7 17. Bh4 Qe8 18. Rc7 Nf5 19. Bxf5 exf5 20. Qe1 Nb6 21. Bf6 h5 22. Nxf5 Qe6 23. Nd4 Qe8 24. Qh4 Bc8 25. Qg5 Kh7 26. Re7 Qd8 27. Rxf7+ Rxf7 28. Bxd8 Bg4 29. h3 Bf5 30. g4 Be4 31. e6 Rf8 32. e7 Rf7 33. f5 Nd7 1-0

[Event "GER-ch Net Amateur Gr-A Final"]
[Site "Playchess.com INT"]
[Date "2020.04.18"]
[Round "3"]
[White "Lambertz, Michael"]
[Black "Prill, Daniel"]
[Result "0-1"]
[WhiteElo "1893"]
[BlackElo "2030"]
[PlyCount "44"]
[EventDate "2020.04.18"]
[EventType "swiss (blitz)"]
[EventRounds "13"]
[EventCountry "GER"]
[SourceTitle "CBM 195 Extra"]
[Source "ChessBase"]
[SourceDate "2020.05.31"]
[SourceVersion "1"]
[SourceVersionDate "2020.05.31"]
[SourceQuality "1"]

1. e4 c6 2. d4 d5 3. exd5 cxd5 4. c4 Nf6 5. Nc3 Nc6 6. Bg5 e6 7. Nf3 Be7 8. c5 0-0 9. Bd3 b6 10. Bb5 Bd7 11. Bxc6 Bxc6 12. Ne5 Bb7 13. b4 Rc8 14. 0-0 Nd7 15. Bxe7 Qxe7 16. Re1 Nxe5 17. Rxe5 bxc5 18. bxc5 Ba6 19. Nxd5 Qh4 20. Ne3 Rfd8 21. Qa4 Qxd4 22. Re4 Qxa1+ 0-1

[Event "GER-ch Net Amateur Gr-A Final"]
[Site "Playchess.com INT"]
[Date "2020.04.18"]
[Round "5"]
[White "Prill, Daniel"]
[Black "Graf, Lucas"]
[Result "0-1"]
[WhiteElo "2030"]
[BlackElo "2048"]
[PlyCount "122"]
[EventDate "2020.04.18"]
[EventType "swiss (blitz)"]
[EventRounds "13"]
[EventCountry "GER"]
[SourceTitle "CBM 195 Extra"]
[Source "ChessBase"]
[SourceDate "2020.05.31"]
[SourceVersion "1"]
[SourceVersionDate "2020.05.31"]
[SourceQuality "1"]

1. d4 Nf6 2. Nf3 c5 3. e3 g6 4. Be2 Bg7 5. 0-0 0-0 6. b3 cxd4 7. exd4 d6 8. Bb2 Nc6 9. c4 Bf5 10. Bd3 Bg4 11. h3 Bxf3 12. Qxf3 Qb6 13. d5 Ne5 14. Qe2 Nxd3 15. Qxd3 Nd7 16. Bxg7 Kxg7 17. Nc3 a6 18. Rae1 Rfe8 19. Ne4 Kg8 20. Re3 Nc5 21. Nxc5 Qxc5 22. Rfe1 Qc7 23. Qe2 Kf8 24. f4 b5 25. cxb5 axb5 26. Qxb5 Rxa2 27. f5 Ra5 28. Qd3 Qc5 29. Kh1 Qxd5 30. Qc3 f6 31. fxg6 hxg6 32. Rf1 Kf7 33. Ref3 Qe5 34. Qd2 Kg7 35. Re3 Qd5 36. Qf2 Qf7 37. Qh4 Rh5 38. Qg3 Rg5 39. Qf2 Rf5 40. Qe2 Rxf1+ 41. Qxf1 Rb8 42. Qe2 e5 43. Qf3 d5 44. Rc3 Rb7 45. Rc6 d4 46. Rc4 Rd7 47. Qd3 Qd5 48. Qd1 e4 49. Rc8 d3 50. Qa1 d2 51. Qd1 e3 52. Re8 Kf7 53. Rxe3 Qc5 54. Rf3 Qc1 55. Rf1 Qc3 56. Kg1 Rd3 57. Kh1 Re3 58. Qg4 Qd3 59. Rd1 Re1+ 60. Kh2 Qd6+ 61. g3 Qd3 0-1

[Event "GER-ch Net Amateur Gr-A Final"]
[Site "Playchess.com INT"]
[Date "2020.04.18"]
[Round "8"]
[White "Prill, Daniel"]
[Black "Lange, Stephan"]
[Result "1/2-1/2"]
[WhiteElo "2030"]
[BlackElo "2107"]
[PlyCount "77"]
[EventDate "2020.04.18"]
[EventType "swiss (blitz)"]
[EventRounds "13"]
[EventCountry "GER"]
[SourceTitle "CBM 195 Extra"]
[Source "ChessBase"]
[SourceDate "2020.05.31"]
[SourceVersion "1"]
[SourceVersionDate "2020.05.31"]
[SourceQuality "1"]

1. d4 g6 2. Nf3 Bg7 3. e3 d6 4. Be2 Nh6 5. 0-0 f6 6. b3 e6 7. Bb2 0-0 8. Nbd2 Nf7 9. Rc1 c6 10. c4 Qe7 11. Re1 Na6 12. Qc2 Nc7 13. e4 b6 14. Bd3 Bb7 15. h3 Rac8 16. Qb1 c5 17. a3 e5 18. d5 a5 19. a4 Rce8 20. Nf1 Bc8 21. Ng3 Nh6 22. Rc2 f5 23. exf5 gxf5 24. Nh2 Qf7 25. Rce2 Bd7 26. Bc2 Na6 27. Nf3 Nb4 28. Bc3 Nxc2 29. Qxc2 e4 30. Nh2 Qg6 31. Bxg7 Kxg7 32. Kh1 Nf7 33. Qd2 Ne5 34. Rf1 Kg8 35. Qf4 Nd3 36. Qd2 Ne5 37. Qf4 Qg7 38. Nh5 Qg6 39. Ng3 1/2-1/2

[Event "GER-ch Net Amateur Gr-A Final"]
[Site "Playchess.com INT"]
[Date "2020.04.18"]
[Round "10"]
[White "Prill, Daniel"]
[Black "Lauer, Marius"]
[Result "1/2-1/2"]
[WhiteElo "2030"]
[BlackElo "1932"]
[PlyCount "87"]
[EventDate "2020.04.18"]
[EventType "swiss (blitz)"]
[EventRounds "13"]
[EventCountry "GER"]
[SourceTitle "CBM 195 Extra"]
[Source "ChessBase"]
[SourceDate "2020.05.31"]
[SourceVersion "1"]
[SourceVersionDate "2020.05.31"]
[SourceQuality "1"]

1. d4 Nf6 2. Nf3 d5 3. e3 Bf5 4. Bd3 Bxd3 5. cxd3 e6 6. 0-0 Be7 7. Nc3 0-0 8. e4 c5 9. dxc5 dxe4 10. dxe4 Bxc5 11. Bg5 h6 12. Bh4 Be7 13. Qb3 b6 14. Rfd1 Qe8 15. Bxf6 Bxf6 16. Nb5 Qe7 17. e5 Bg5 18. Nxg5 hxg5 19. Rac1 Na6 20. Nd6 Nc5 21. Qe3 Rfd8 22. b4 Nd7 23. Rc7 a5 24. b5 f6 25. exf6 Qxf6 26. Ne4 Qe5 27. Rc6 Nc5 28. Rxd8+ Rxd8 29. Ng3 Rd1+ 30. Nf1 Qa1 31. Rc8+ Kh7 32. Qh3+ Kg6 33. g4 Nd7 34. Rc6 Re1 35. Qd3+ Kf6 36. Qxd7 Rxf1+ 37. Kg2 Rg1+ 38. Kf3 Qe5 39. Qd8+ Kg6 40. Qe8+ Kf6 41. Qf8+ Kg6 42. Qe8+ Kf6 43. Qf8+ Kg6 44. Qe8+ 1/2-1/2

[Event "GER-ch Net Amateur Gr-A Final"]
[Site "Playchess.com INT"]
[Date "2020.04.18"]
[Round "9"]
[White "Wessendorf, Thomas"]
[Black "Prill, Daniel"]
[Result "1-0"]
[WhiteElo "2076"]
[BlackElo "2030"]
[PlyCount "137"]
[EventDate "2020.04.18"]
[EventType "swiss (blitz)"]
[EventRounds "13"]
[EventCountry "GER"]
[SourceTitle "CBM 195 Extra"]
[Source "ChessBase"]
[SourceDate "2020.05.31"]
[SourceVersion "1"]
[SourceVersionDate "2020.05.31"]
[SourceQuality "1"]

1. e4 c6 2. d3 d5 3. Nd2 e6 4. Ngf3 Nd7 5. g3 g6 6. Bg2 Bg7 7. 0-0 Ne7 8. Re1 0-0 9. d4 b6 10. c3 Bb7 11. e5 c5 12. Nf1 Nc6 13. Bg5 Qc7 14. Qd2 Rfe8 15. Rac1 f6 16. exf6 Bxf6 17. Bxf6 Nxf6 18. Ng5 e5 19. dxc5 Rad8 20. cxb6 Qxb6 21. Ne3 Ne7 22. Bh3 d4 23. Nc4 Qc6 24. f3 e4 25. cxd4 exf3 26. Ne5 Qb6 27. Ngxf3 Ned5 28. Bg2 Nb4 29. a3 Nc6 30. Nxc6 Bxc6 31. Rxe8+ Rxe8 32. Qf4 Ne4 33. h4 Bb7 34. Kh2 Qf6 35. Qxf6 Nxf6 36. Rc7 Ng4+ 37. Kg1 Bd5 38. Ne5 Bxg2 39. Nxg4 Bf3 40. Ne5 Be4 41. Kf2 Rb8 42. Ke3 Bf5 43. b4 a6 44. g4 Be6 45. g5 Rb5 46. Rc6 Bf5 47. Rxa6 Rb8 48. Ra7 Rc8 49. Nd7 Rc3+ 50. Kf4 Rd3 51. Nf6+ Kf8 52. Ke5 Re3+ 53. Kd6 Re6+ 54. Kc5 Re3 55. d5 Rc3+ 56. Kd6 Rd3 57. b5 Rb3 58. a4 Rb4 59. Ra8+ Kg7 60. Ra7+ Kf8 61. Nxh7+ Kg8 62. Nf6+ Kf8 63. Kc5 Rxh4 64. b6 Rh1 65. b7 Rc1+ 66. Kd6 Rb1 67. Ra8+ Kf7 68. b8Q Bc8 69. Qc7+ 1-0

[Event "GER-ch Net Amateur Gr-A Vor3"]
[Site "Playchess.com INT"]
[Date "2020.04.16"]
[Round "1"]
[White "Prill, Daniel"]
[Black "Wagner, Rainer"]
[Result "1-0"]
[WhiteElo "2038"]
[BlackElo "1780"]
[PlyCount "51"]
[EventDate "2020.04.16"]
[EventType "swiss (blitz)"]
[EventRounds "9"]
[EventCountry "GER"]
[SourceTitle "CBM 195 Extra"]
[Source "ChessBase"]
[SourceDate "2020.05.31"]
[SourceVersion "1"]
[SourceVersionDate "2020.05.31"]
[SourceQuality "1"]

1. d4 Nf6 2. Nf3 e6 3. e3 b6 4. Bd3 Bb7 5. Nbd2 d5 6. 0-0 Nbd7 7. c3 Be7 8. Qe2 0-0 9. e4 dxe4 10. Nxe4 c5 11. Rd1 cxd4 12. Nxd4 Rc8 13. Bf4 Nd5 14. Bg3 N7f6 15. Nxf6+ Bxf6 16. Be4 Qe7 17. Nb5 Ba6 18. a4 Rfd8 19. Qf3 Bxb5 20. axb5 Qc5 21. Rxa7 Qxb5 22. Bh4 Qxb2 23. Bxh7+ Kxh7 24. Qh5+ Kg8 25. Qxf7+ Kh8 26. Bxf6 1-0

[Event "GER-ch Net Amateur Gr-A Vor2"]
[Site "Playchess.com INT"]
[Date "2020.04.15"]
[Round "8"]
[White "Brunke, Christian"]
[Black "Prill, Daniel"]
[Result "1-0"]
[WhiteElo "2071"]
[BlackElo "1976"]
[PlyCount "85"]
[EventDate "2020.04.15"]
[EventType "swiss (blitz)"]
[EventRounds "9"]
[EventCountry "GER"]
[SourceTitle "CBM 196 Extra"]
[Source "ChessBase"]
[SourceDate "2020.07.31"]
[SourceVersion "1"]
[SourceVersionDate "2020.07.31"]
[SourceQuality "1"]

1. e4 c6 2. d4 d5 3. e5 Bf5 4. Ne2 e6 5. Ng3 Bg6 6. h4 h6 7. h5 Bh7 8. Bd3 Bxd3 9. cxd3 Nd7 10. Nc3 Ne7 11. Qg4 c5 12. dxc5 Nxe5 13. Qa4+ N7c6 14. d4 Ng4 15. Qd1 Nf6 16. 0-0 Be7 17. a3 a5 18. Bf4 b6 19. Nb5 0-0 20. Bc7 Qd7 21. Bxb6 e5 22. dxe5 Nxe5 23. Nd4 Rfc8 24. Re1 Nc4 25. Ngf5 Bxc5 26. Bxc5 Rxc5 27. Re7 Qd8 28. Qf3 Nd6 29. Nxh6+ Kf8 30. Rxf7+ Nxf7 31. Ne6+ Ke7 32. Nxd8 Nxh6 33. Qe3+ Ne4 34. Nb7 Rc7 35. f3 Nf5 36. Qf4 Rxb7 37. fxe4 Nh6 38. Qe5+ Kd7 39. Qxd5+ Kc7 40. Rc1+ Kb6 41. Rc6+ Ka7 42. Qc5+ Kb8 43. Rc8# 1-0

[Event "GER-ch Net Amateur Gr-A Vor2"]
[Site "Playchess.com INT"]
[Date "2020.04.15"]
[Round "1"]
[White "Prill, Daniel"]
[Black "Noldt, Torsten"]
[Result "1-0"]
[WhiteElo "1976"]
[BlackElo "1622"]
[PlyCount "65"]
[EventDate "2020.04.15"]
[EventType "swiss (blitz)"]
[EventRounds "9"]
[EventCountry "GER"]
[SourceTitle "CBM 196 Extra"]
[Source "ChessBase"]
[SourceDate "2020.07.31"]
[SourceVersion "1"]
[SourceVersionDate "2020.07.31"]
[SourceQuality "1"]

1. d4 c5 2. e3 e6 3. Nf3 Nf6 4. Bd3 Nc6 5. c3 Be7 6. 0-0 0-0 7. Nbd2 d5 8. dxc5 Bxc5 9. e4 Qb6 10. Qe2 h6 11. Nb3 Be7 12. e5 Nd7 13. Nbd4 a6 14. Be3 Qc7 15. Bf4 b5 16. Rac1 Nb6 17. Bg3 Bb7 18. Nxc6 Bxc6 19. Nd4 Bb7 20. f4 Bc5 21. Kh1 Nc4 22. b3 Nb6 23. Qh5 Qe7 24. Nf3 Rac8 25. f5 Be3 26. Rce1 Bg5 27. h4 Rxc3 28. hxg5 Rxd3 29. f6 Qd7 30. gxh6 g6 31. h7+ Kh8 32. Qh6 Rg8 33. hxg8Q+ 1-0

[Event "GER-ch Net Amateur Gr-A Vor2"]
[Site "Playchess.com INT"]
[Date "2020.04.15"]
[Round "6"]
[White "Wichmann, Cliff"]
[Black "Prill, Daniel"]
[Result "1-0"]
[WhiteElo "2120"]
[BlackElo "1976"]
[PlyCount "103"]
[EventDate "2020.04.15"]
[EventType "swiss (blitz)"]
[EventRounds "9"]
[EventCountry "GER"]
[SourceTitle "CBM 196 Extra"]
[Source "ChessBase"]
[SourceDate "2020.07.31"]
[SourceVersion "1"]
[SourceVersionDate "2020.07.31"]
[SourceQuality "1"]

1. d4 c6 2. c4 d5 3. Nf3 Nf6 4. Nc3 a6 5. e3 Bf5 6. Qb3 Ra7 7. Ne5 e6 8. f4 Nbd7 9. Be2 Nxe5 10. fxe5 Ne4 11. 0-0 Be7 12. Bf3 Ng5 13. Bh5 Bg6 14. Bxg6 hxg6 15. cxd5 cxd5 16. Bd2 b5 17. a4 b4 18. Ne2 a5 19. Rac1 Ne4 20. Rc2 Bh4 21. g3 Bg5 22. Rfc1 Nxd2 23. Rxd2 Rc7 24. Rdc2 Rxc2 25. Rxc2 f6 26. Qd3 0-0 27. Nf4 Bxf4 28. exf4 fxe5 29. fxe5 Qg5 30. Kg2 Kh7 31. b3 Qg4 32. h3 Qg5 33. Rc6 Qe7 34. h4 Qf7 35. Rc2 Kg8 36. Kh2 g5 37. hxg5 Qh5+ 38. Kg2 Qxg5 39. Rf2 Rc8 40. Qf3 Rc3 41. Qf7+ Kh7 42. Rf3 Rc2+ 43. Rf2 Rc3 44. Qf4 Qg6 45. Qh4+ Kg8 46. Rf4 Rxb3 47. Qd8+ Kh7 48. Rh4+ Qh6 49. Rxh6+ Kxh6 50. Qh4+ Kg6 51. g4 Ra3 52. Qh5# 1-0

[Event "GER-ch Net Amateur Gr-A Vor1"]
[Site "Playchess.com INT"]
[Date "2020.04.14"]
[Round "3"]
[White "Prill, Daniel"]
[Black "Bonk, Andras"]
[Result "1/2-1/2"]
[WhiteElo "2068"]
[BlackElo "1841"]
[PlyCount "139"]
[EventDate "2020.04.14"]
[EventType "swiss (blitz)"]
[EventRounds "9"]
[EventCountry "GER"]
[SourceTitle "EXT 2021"]
[Source "ChessBase"]
[SourceDate "2020.10.23"]
[SourceVersion "1"]
[SourceVersionDate "2020.10.23"]
[SourceQuality "1"]

1. d4 Nf6 2. Nf3 e6 3. e3 b6 4. Bd3 Bb7 5. Nbd2 Be7 6. 0-0 d6 7. e4 Nbd7 8. Re1 e5 9. c3 0-0 10. Nf1 c5 11. Ng3 Re8 12. Nf5 Bf8 13. Bg5 h6 14. Bh4 g6 15. Ne3 Qc7 16. d5 Bg7 17. Nd2 a6 18. Rf1 Nh5 19. Bg3 Nf4 20. Bc2 Nf6 21. Kh1 Bc8 22. a4 Bd7 23. Qf3 N6h5 24. Qd1 Kh7 25. Qb1 b5 26. Bd1 Rf8 27. Bxh5 Nxh5 28. axb5 axb5 29. f4 exf4 30. Bxf4 Nxf4 31. Rxf4 Rxa1 32. Qxa1 Be5 33. Rf1 Qd8 34. Nf3 Bg7 35. Qa6 Bc8 36. Qc6 Qe7 37. e5 Bxe5 38. Qxb5 Bg7 39. Nc2 Bf5 40. Nce1 Qe3 41. Qb6 Qe2 42. Rg1 Be5 43. b4 Bxc3 44. bxc5 dxc5 45. Qxc5 Bg7 46. d6 Rd8 47. Qc7 Rd7 48. Qc5 Qe6 49. Nh4 Qxd6 50. Qxd6 Rxd6 51. Nxf5 gxf5 52. Nf3 Kg6 53. Rf1 Bc3 54. Nh4+ Kg5 55. Nxf5 Rf6 56. h4+ Kg4 57. Ne3+ Kxh4 58. Rxf6 Bxf6 59. Nf5+ Kg5 60. Nd6 Kg6 61. Kg1 Bd4+ 62. Kf1 f5 63. Ke2 Kg5 64. Kf3 Bc5 65. Nc4 Bd4 66. Nd6 Bc5 67. Nc4 Be7 68. Ne5 Bf6 69. Nc4 Bd4 70. Nd6 1/2-1/2

[Event "GER-ch Net blitz qual5"]
[Site "Playchess.com INT"]
[Date "2020.03.28"]
[Round "7"]
[White "Altenbernd, Jannis Domenik"]
[Black "Prill, Daniel"]
[Result "1/2-1/2"]
[WhiteElo "2011"]
[BlackElo "2214"]
[PlyCount "97"]
[EventDate "2020.03.28"]
[EventType "swiss (blitz)"]
[EventRounds "13"]
[EventCountry "GER"]
[SourceTitle "CBM 195 Extra"]
[Source "ChessBase"]
[SourceDate "2020.05.31"]
[SourceVersion "1"]
[SourceVersionDate "2020.05.31"]
[SourceQuality "1"]

1. d4 d5 2. c4 c6 3. Nc3 Nf6 4. Nf3 a6 5. cxd5 cxd5 6. Bf4 Nc6 7. e3 Bf5 8. a3 e6 9. h3 Bd6 10. Bxd6 Qxd6 11. Bd3 Bg6 12. 0-0 0-0 13. Bxg6 hxg6 14. Rc1 Rac8 15. Na4 Ne4 16. Nc5 Nxc5 17. Rxc5 b6 18. Rc2 Na5 19. Nd2 Nc4 20. Nxc4 dxc4 21. Qf3 Rc7 22. Rfc1 Rfc8 23. Qe2 b5 24. Qd2 Qb6 25. e4 Rd8 26. d5 Rcd7 27. Rd1 exd5 28. exd5 Qc5 29. Qa5 Rxd5 30. Rxd5 Qxd5 31. Re2 Rd6 32. Re8+ Kh7 33. Qc7 Re6 34. Rxe6 Qxe6 35. Qa7 g5 36. Kh2 Qe5+ 37. Kg1 Qxb2 38. Qxa6 Qe5 39. a4 c3 40. Qc6 b4 41. Qc4 Qf4 42. Qd3+ g6 43. Kf1 Qc1+ 44. Ke2 c2 45. Qd5 Kg7 46. Qd4+ Kh7 47. Qd5 Kg7 48. Qd4+ Kh7 49. Qd5 1/2-1/2

[Event "GER-ch Net blitz qual5"]
[Site "Playchess.com INT"]
[Date "2020.03.28"]
[Round "9"]
[White "Prill, Daniel"]
[Black "Kistner, Sinan"]
[Result "0-1"]
[WhiteElo "2214"]
[BlackElo "1627"]
[PlyCount "71"]
[EventDate "2020.03.28"]
[EventType "swiss (blitz)"]
[EventRounds "13"]
[EventCountry "GER"]
[SourceTitle "CBM 195 Extra"]
[Source "ChessBase"]
[SourceDate "2020.05.31"]
[SourceVersion "1"]
[SourceVersionDate "2020.05.31"]
[SourceQuality "1"]

1. e4 c6 2. d4 d5 3. exd5 cxd5 4. Bf4 Nc6 5. c3 Nf6 6. Nf3 Bg4 7. Nbd2 e6 8. Qb3 Qb6 9. Qxb6 axb6 10. Bd3 Be7 11. 0-0 0-0 12. Rfe1 Nd7 13. a3 Rfe8 14. Bc7 Bd8 15. Bg3 Bf6 16. Rac1 Bf5 17. Bxf5 exf5 18. Nf1 g5 19. Bc7 b5 20. Ne3 g4 21. Nd2 Bg5 22. Ndf1 Rac8 23. Bd6 Re6 24. Bb4 Rce8 25. Red1 Nf6 26. Nxf5 Bxc1 27. Rxc1 Re1 28. Rxe1 Rxe1 29. c4 Nxb4 30. axb4 bxc4 31. f3 gxf3 32. gxf3 Re2 33. h3 Rxb2 34. N1e3 c3 35. Ne7+ Kf8 36. N7xd5 0-1

[Event "GER-ch Net blitz qual5"]
[Site "Playchess.com INT"]
[Date "2020.03.28"]
[Round "4"]
[White "Prill, Daniel"]
[Black "Nguyen, Alex Dac Vuong"]
[Result "0-1"]
[WhiteElo "2214"]
[BlackElo "2361"]
[PlyCount "138"]
[EventDate "2020.03.28"]
[EventType "swiss (blitz)"]
[EventRounds "13"]
[EventCountry "GER"]
[SourceTitle "CBM 195 Extra"]
[Source "ChessBase"]
[SourceDate "2020.05.31"]
[SourceVersion "1"]
[SourceVersionDate "2020.05.31"]
[SourceQuality "1"]

1. e4 c5 2. Nf3 e6 3. c4 Nc6 4. Nc3 Nf6 5. d4 cxd4 6. Nxd4 Bb4 7. f3 0-0 8. Ndb5 d5 9. cxd5 exd5 10. Bg5 d4 11. e5 dxc3 12. bxc3 Nxe5 13. Qxd8 Bxc3+ 14. Nxc3 Rxd8 15. Bxf6 gxf6 16. Ne4 Kg7 17. Kf2 Bf5 18. Ng3 Bd3 19. Nh5+ Kg6 20. Nf4+ Kf5 21. Bxd3+ Nxd3+ 22. Nxd3 Rxd3 23. Rhe1 Rd2+ 24. Re2 Rad8 25. Rb1 b6 26. Rb5+ R2d5 27. Rb4 R8d7 28. Rh4 Kg6 29. Rg4+ Rg5 30. Rc4 h5 31. Rc8 Ra5 32. Rg8+ Kh7 33. Ree8 Rd2+ 34. Kg3 Rg5+ 35. Rxg5 fxg5 36. a4 Ra2 37. Re5 Kg6 38. Re4 f5 39. Rd4 h4+ 40. Kh3 Kh5 41. g4+ hxg3 42. Kxg3 f4+ 43. Kh3 Rf2 44. Rd3 Ra2 45. Rd4 a6 46. Rc4 Ra3 47. Kg2 Kh4 48. Rc6 Ra2+ 49. Kg1 g4 50. fxg4 Kxg4 51. Rc4 Ra1+ 52. Kg2 Ra2+ 53. Kg1 Kf3 54. h4 Kg3 55. Kf1 f3 56. Rc1 Kxh4 57. Rc8 Kg3 58. Rg8+ Kf4 59. Rf8+ Ke4 60. Re8+ Kd4 61. Rf8 f2 62. Rf6 Kc5 63. Rf5+ Kb4 64. Rf4+ Ka5 65. Rf5+ Kxa4 66. Rf3 b5 67. Re3 b4 68. Re4 Rc2 69. Rc4 Rxc4 0-1

[Event "GER-ch Net blitz qual2"]
[Site "Playchess.com INT"]
[Date "2020.03.16"]
[Round "7"]
[White "Susallek, Markus"]
[Black "Prill, Daniel"]
[Result "0-1"]
[WhiteElo "1899"]
[BlackElo "2214"]
[PlyCount "68"]
[EventDate "2020.03.16"]
[EventType "swiss (blitz)"]
[EventRounds "9"]
[EventCountry "GER"]
[SourceTitle "CBM 195 Extra"]
[Source "ChessBase"]
[SourceDate "2020.05.31"]
[SourceVersion "1"]
[SourceVersionDate "2020.05.31"]
[SourceQuality "1"]

1. e4 c6 2. Nc3 d5 3. Qf3 e6 4. Qg3 Nd7 5. e5 Ne7 6. f4 Nf5 7. Qh3 Qb6 8. Bd3 Bc5 9. Nge2 Bf2+ 10. Kf1 Ne7 11. Na4 Qb4 12. b3 Bb6 13. Nxb6 axb6 14. Qg4 Ng6 15. h4 Ndxe5 16. Qg3 Nxd3 17. cxd3 0-0 18. h5 Ne7 19. Bb2 f6 20. Bc3 Qd6 21. h6 g6 22. Qh4 Nf5 23. Qf2 c5 24. d4 Bd7 25. g4 Nxd4 26. Nxd4 cxd4 27. Bxd4 Bb5+ 28. Kg2 Rac8 29. Rac1 Bc6 30. Kg3 e5 31. Bxb6 d4 32. Bc5 exf4+ 33. Qxf4 Qxf4+ 34. Kxf4 Bxh1 0-1

[Event "GER-ch Net blitz qual1"]
[Site "Playchess.com INT"]
[Date "2020.03.07"]
[Round "3"]
[White "Prill, Daniel"]
[Black "Klemm, Robert"]
[Result "1-0"]
[WhiteElo "2214"]
[BlackElo "1791"]
[PlyCount "55"]
[EventDate "2020.03.07"]
[EventType "swiss (blitz)"]
[EventRounds "9"]
[EventCountry "GER"]
[SourceTitle "CBM 195 Extra"]
[Source "ChessBase"]
[SourceDate "2020.05.31"]
[SourceVersion "1"]
[SourceVersionDate "2020.05.31"]
[SourceQuality "1"]

1. e4 c5 2. Nf3 Nc6 3. d4 cxd4 4. Nxd4 d6 5. Nc3 g6 6. Bc4 Bg7 7. Be3 e6 8. Qd2 Nf6 9. f3 a6 10. Bb3 Nxd4 11. Bxd4 b5 12. 0-0-0 Bb7 13. h4 b4 14. Ba4+ Ke7 15. Ne2 a5 16. g4 h5 17. g5 Ne8 18. Bxe8 Bxd4 19. Bxf7 Bxb2+ 20. Kxb2 Kxf7 21. Qxd6 Qxd6 22. Rxd6 Rhd8 23. Rhd1 Ke7 24. Rxd8 Rxd8 25. Rxd8 Kxd8 26. Nf4 Ke7 27. Nxg6+ Kf7 28. Nf4 1-0

[Event "GER-ch Net blitz qual1"]
[Site "Playchess.com INT"]
[Date "2020.03.07"]
[Round "5"]
[White "Wiedenbruch, Paul"]
[Black "Prill, Daniel"]
[Result "0-1"]
[WhiteElo "1878"]
[BlackElo "2214"]
[PlyCount "70"]
[EventDate "2020.03.07"]
[EventType "swiss (blitz)"]
[EventRounds "9"]
[EventCountry "GER"]
[SourceTitle "CBM 195 Extra"]
[Source "ChessBase"]
[SourceDate "2020.05.31"]
[SourceVersion "1"]
[SourceVersionDate "2020.05.31"]
[SourceQuality "1"]

1. e4 c6 2. d4 d5 3. Nc3 dxe4 4. Nxe4 Nd7 5. Nf3 e6 6. Bd3 Ngf6 7. 0-0 Nxe4 8. Bxe4 Nf6 9. Bd3 Be7 10. Bf4 0-0 11. c3 b6 12. Qc2 Bb7 13. Be5 h6 14. Rae1 c5 15. Nd2 Rc8 16. Ne4 cxd4 17. Bxd4 Nd5 18. Qd2 f6 19. f4 Bd6 20. Ng3 Qd7 21. Nh5 Rce8 22. Bg6 Re7 23. f5 e5 24. Bf2 Rd8 25. Kh1 Qc6 26. Bh4 Bc5 27. Rf3 Red7 28. Qe2 Ne7 29. Rg3 Rd2 30. Qg4 Rxg2 31. Nxf6+ Kh8 32. Ne4 Rxg3 33. Qxg3 Rd1 34. Rxd1 Qxe4+ 35. Qg2 Qxg2# 0-1